plant functions / (Record no. 144559)
[ view plain ]
| 000 -LEADER | |
|---|---|
| fixed length control field | 00565nam a22001697a 4500 |
| 010 ## - LCCN (DPL NO) | |
| LC control number | ENG-120562 |
| 020 ## - INTERNATIONAL STANDARD BOOK NUMBER | |
| International Standard Book Number | 9789382459347 |
| Terms of availability | 120.00 |
| 035 ## - SYSTEM CONTROL NUMBER | |
| System control number | EN-104094 |
| 037 ## - SOURCE OF ACQUISITION | |
| Source of stock number/acquisition | DBAD/PUB |
| 082 ## - DEWEY DECIMAL CLASSIFICATION NUMBER | |
| Classification number | 581.1 |
| 245 ## - TITLE STATEMENT | |
| Title | plant functions / |
| Statement of responsibility, etc | by Annie Ragland...[et.al.] |
| 260 ## - PUBLICATION, DISTRIBUTION, ETC. (IMPRINT) | |
| Place of publication, distribution, etc | Kanyakumari |
| Name of publisher, distributor, etc | Saras publications |
| Date of publication, distribution, etc | 2014 |
| 270 ## - ADDRESS | |
| Address | 114/35G, A.R.P. Camp Road, Periavilai, Kottar P.O., Nagercoil, |
| City | Kanyakumari |
| Postal code | 629002 |
| 300 ## - PHYSICAL DESCRIPTION | |
| Extent | xii,306p. : |
| Other physical details | 24cm(pbk). |
| Dimensions | ill. |
| 500 ## - GENERAL NOTE | |
| General note | Includes bibliographical refernce |
| 942 ## - ADDED ENTRY ELEMENTS (KOHA) | |
| Source of classification or shelving scheme | Dewey Decimal Classification |
| Item type | English Books |
| Classification part | 581.1 |
| Call number suffix | PLA |
| Withdrawn status | Lost status | Not for loan | Collection code | Home library | Current library | Date acquired | Source of acquisition | Cost, normal purchase price | Full call number | Barcode | Copy number | Cost, replacement price | Koha item type |
|---|---|---|---|---|---|---|---|---|---|---|---|---|---|
| Non-fiction | Patel Nagar | Patel Nagar | 14/09/2017 | DBAD/PUB | 120.00 | 581.1 PLA | EN-104094 | 1 | 120.00 | English Books |
